000 00512nam a2200181 a 4500
005 20250120145339.0
008 250120t2011 my ||||| |||| 00| 0 may d
020 _a9789675118593 (kkt.)
_cRM19.00
040 _aAKMAL
082 0 4 _a899.2333 SYU
090 0 0 _a899.2333
_bSYU
100 0 _aSyud ,
_d1984-
_99582
245 1 0 _aBaju melayu hijau serindit /
_cSyud
260 _aBandar Baru Bangi, Selangor :
_bJemari Seni,
_c2011
300 _a430.p. :
_bill ;
_c18cm
650 1 0 _aMalay fiction
942 _2ddc
_cBOOK
999 _c5017
_d5017